000 00654nam a2200229 a 4500
005 20180803164828.0
008 140221b1991 ck a gr|||| 00| 0 spa d
040 _aCO-BoIAVH
_cCO-BoIAVH
041 _aspa
044 _ack
082 4 _a634.9618
_bV25p
100 1 _aVanegas Cantor, Jaime
245 1 _aPrevención de incendios forestales
260 _aBogotá
_bINDERENA
_c1991
300 _a29 paginas.
_bilustraciones.;
_c24 x 17 cm
650 4 _aIncendios forestales
650 4 _aMedio ambiente
650 4 _aImpacto ambiental
650 4 _aLegislación ambiental
662 _aColombia
942 _cLIBRO
_2ddc
999 _c671
_d671